| 000 | 00960nam a22002657a 4500 | ||
|---|---|---|---|
| 999 |
_c65915 _d65915 |
||
| 005 | 20240530110849.0 | ||
| 008 | 200912s2020 ua a f b 000 0dara d | ||
| 017 |
_a2019/13853 _bمصر. دار الكتب |
||
| 020 | _a9789777801768 | ||
| 040 |
_aEG-CaGPL _cEG-CaGPL |
||
| 082 | 0 | 4 |
_221 _a372.21\ _bك أ |
| 100 | 0 | _aكريمان بدير | |
| 245 | 1 | 0 |
_aاستراتيجيات جديدة لتنمية مهارات تفكير الاطفال / _cكريمان بدير |
| 250 | _aط.1 | ||
| 260 |
_aالقاهرة : _bعالم الكتب، _c2020 |
||
| 300 |
_a253 ص. ؛ _c24 سم. |
||
| 504 | _aيشتمل على ارجاعات ببليوجرافية | ||
| 650 | 0 | 7 |
_aالتفكير _2qrmak |
| 650 | 0 | 7 |
_aالتفكير _2qrmak _xتنمية |
| 650 | 0 | 7 |
_aالاطفال _xعلم نفس _2qrmak |
| 650 | 0 | 7 |
_aالتفكير _xتنمية مهارات _2qrmak |
| 651 | _2qrmak | ||
| 942 |
_2ddc _cBK |
||